000
00311nam a22001337a 4500
008
170608b xxu||||| |||| 00| 0 eng d
020
_a
9780442319342
041
_a
eng
080
_a
32
100
_a
18
101
_a
SHP
245
_a
INDUSTRIAL AND HAZARDOUS WASTE TREATMENT
_c
NEMEROW, N.L
942
_2
udc
_c
BK
999
_c
16386
_d
16386